Handbook of intelligence
保存先:
| 第一著者: | |
|---|---|
| フォーマット: | 図書 |
| 言語: | 英語 |
| 出版事項: |
Cambridge
Cambridge University Press
2000
|
| 主題: | |
| タグ: |
タグ追加
タグなし, このレコードへの初めてのタグを付けませんか!
|
MARC
| LEADER | 00000cam a2200000 a 4500 | ||
|---|---|---|---|
| 001 | UCF6071 | ||
| 003 | CL-VaPUC | ||
| 008 | 130411e20000000UK |||||||||||||||||eng|d | ||
| 020 | |a 0521596483 | ||
| 082 | 0 | 4 | |a 153.9 |b STE |2 21 |
| 100 | 0 | |a Sternberg, Robert J |e author |9 568084 | |
| 245 | 1 | 0 | |a Handbook of intelligence |
| 300 | |a 677 p | ||
| 942 | |c BK | ||
| 945 | |d 20130411 00:00:00 |a dcastane | ||
| 260 | |a Cambridge |b Cambridge University Press |c 2000 | ||
| 650 | 0 | |a Inteligencia |9 267038 | |
| 650 | 0 | |a Cognición |9 270347 | |
| 650 | 7 | |a ONTOGENIA |2 CL-VaPUC |9 312026 | |
| 650 | 0 | |a Personalidad |9 307255 | |
| 650 | 0 | |a Atención |9 312027 | |
| 650 | 0 | |a Memoria |9 266549 | |
| 650 | 0 | |a Aprendizaje |9 254827 | |
| 583 | |a last modification |c 20130411 10:22:00 |k Rodrigo Vera | ||
| 999 | |c 351419 |d 351417 | ||
| 952 | |0 0 |1 0 |4 0 |6 153_900000000000000_STE_2000 |7 0 |8 A |9 455506 |a BIBEDU |b BIBEDU |d 2019-11-22 |i 4961420 |o 153.9 STE 2000 |p 4961420 |r 2019-11-22 |w 2019-11-22 |y BK |k PSI | ||